भारतीय नवरत्ने (Record no. 1254911)

MARC details
000 -LEADER
fixed length control field 00630nam a2200193Ia 4500
008 - FIXED-LENGTH DATA ELEMENTS--GENERAL INFORMATION
fixed length control field 151121s9999||||xx |||||||||||||| ||und||
082 ## - DEWEY DECIMAL CLASSIFICATION NUMBER
Classification number बा। वि।
082 ## - DEWEY DECIMAL CLASSIFICATION NUMBER
Item number HNW-73454
100 ## - MAIN ENTRY--PERSONAL NAME
Personal name भट्ट विठ्ठलराय
245 ## - TITLE STATEMENT
Title भारतीय नवरत्ने
260 ## - PUBLICATION, DISTRIBUTION, ETC. (IMPRINT)
Name of publisher, distributor, etc "मोरया, मुंबई।"
260 ## - PUBLICATION, DISTRIBUTION, ETC. (IMPRINT)
Date of publication, distribution, etc --
300 ## - PHYSICAL DESCRIPTION
Extent 123
600 ## - SUBJECT ADDED ENTRY--PERSONAL NAME
Personal name भट्ट विठ्ठलराय
630 ## - SUBJECT ADDED ENTRY--UNIFORM TITLE
Uniform title भारतीय नवरत्ने
700 ## - ADDED ENTRY--PERSONAL NAME
Personal name भट्ट विठ्ठलराय
730 ## - ADDED ENTRY--UNIFORM TITLE
Uniform title भारतीय नवरत्ने
942 ## - ADDED ENTRY ELEMENTS (KOHA)
Koha item type Book
Holdings
Withdrawn status Lost status Damaged status Not for loan Home library Current library Date acquired Cost, normal purchase price Total Checkouts Full call number Barcode Date last seen Cost, replacement price Price effective from Koha item type
        Hirachand Nemchand Wachanalaya, Solapur Hirachand Nemchand Wachanalaya, Solapur 11/21/2015 50.00   HNW-73454 HNW-73454 11/21/2015 50.00 11/21/2015 Book